Ypsilon 6 metodická príručka na vyučovanie slovenského jazyka v 6. ročníku základnej školy s vyučovacím jazykom maďarským : [nápady a návrhy]

Bibliographic Details
Main Authors: Benická, Helena (Author), Bogárová, Julianna (Author)
Format: Book
Language:Slovak
Published: Bratislava Terra 2002
Edition:1. vyd.
Subjects:

MARC

LEADER 00000nam a2200000 a 4500
001 vtls008184596
003 SK-MaSNL
005 20260301190150.0
008 240318s2002 xo c p 000 0 slo
020 |a 8089050050  |q (brož.) 
035 |a C6BCFFC8-9C27-4B5D-B8C4-D4BEF5B55906 
035 |a urn:nbn:sk:snk-amtiff 
035 |a urn:nbn:sk:snk-am00c4z7 
040 |a SNK  |b slo  |c SNK  |e AACR2 
041 0 |a slo 
044 |a xo  |c SK 
072 7 |a 811.162.4  |x Slovenčina  |2 konspekt 
080 |a 811.162.4  |2 MDT-MRF 
080 |a 371.3  |2 MDT-MRF 
080 |a (075.2)  |2 MDT-MRF 
080 |a (072)  |2 MDT-MRF 
100 1 |a Benická, Helena  |4 aut  |9 363689 
245 1 0 |a Ypsilon 6  |b metodická príručka na vyučovanie slovenského jazyka v 6. ročníku základnej školy s vyučovacím jazykom maďarským : [nápady a návrhy]  |c [Helena Benická, Julianna Bogárová] 
246 3 1 |a Metodická príručka na vyučovanie slovenského jazyka v 6. ročníku základnej školy s vyučovacím jazykom maďarským. [Nápady a návrhy] 
250 |a 1. vyd. 
260 |a Bratislava  |b Terra  |c 2002 
300 |a 43 s.  |b sch.  |c 29 cm 
650 0 7 |a slovenčina  |2 SNKPH  |9 1350 
650 0 7 |a vyučovanie  |2 SNKPH  |9 1522 
655 7 |a učebnice základných škôl  |2 SNKPH  |9 70187 
655 7 |a metodické príručky  |2 SNKPH  |9 70250 
700 1 |a Bogárová, Julianna  |4 aut  |9 42955 
919 |a 80-89050-05-0 
999 |c 866521  |d 868451 
952 |a SNK  |b SNK  |y PREZ  |7 0  |p 17A0479542  |o snkSB 70735  |i snk2005/12366  |8 1  |0 0  |1 0  |4 0  |d 2005-07-15  |f 1  |l 0  |r 2025-04-22 00:00:00  |w 2026-02-24